Dictionary of contemporary religion in the Western world / (Record no. 9999)

MARC details
000 -LEADER
fixed length control field 02737pam a22003854i 4500
001 - CONTROL NUMBER
control field 48194783
003 - CONTROL NUMBER IDENTIFIER
control field OCoLC
005 - DATE AND TIME OF LATEST TRANSACTION
control field 20241126110723.0
008 - FIXED-LENGTH DATA ELEMENTS--GENERAL INFORMATION
fixed length control field 011106s2002 enk bd 001 0 eng
010 ## -
-- 2001051799
020 ## - INTERNATIONAL STANDARD BOOK NUMBER
International Standard Book Number 0830814361
Qualifying information (alk. paper)
020 ## - INTERNATIONAL STANDARD BOOK NUMBER
International Standard Book Number 9780830814367
Qualifying information (alk. paper)
020 ## - INTERNATIONAL STANDARD BOOK NUMBER
International Standard Book Number 0851119824
020 ## - INTERNATIONAL STANDARD BOOK NUMBER
International Standard Book Number 9780851119823
035 ## - SYSTEM CONTROL NUMBER
System control number tcgc291302
035 ## - SYSTEM CONTROL NUMBER
System control number (OCoLC)48194783
Canceled/invalid control number (OCoLC)48475645
-- (OCoLC)796979794
040 ## - CATALOGING SOURCE
Original cataloging agency DLC
Language of cataloging eng
Description conventions rda
Transcribing agency DLC
Modifying agency UKM
-- LTS
042 ## -
-- pcc
050 00 -
-- BL31
-- .D544 2002
082 00 - DEWEY DECIMAL CLASSIFICATION NUMBER
Classification number 200.91821
Edition information 21
Item number DIC
245 00 - TITLE STATEMENT
Title Dictionary of contemporary religion in the Western world /
Statement of responsibility, etc. editor, Christopher Partridge ; consulting editor, Douglas Groothuis.
264 #1 - PRODUCTION, PUBLICATION, DISTRIBUTION, MANUFACTURE, AND COPYRIGHT NOTICE
Place of production, publication, distribution, manufacture Leicester, England ;
-- Downers Grove, Ill. :
Name of producer, publisher, distributor, manufacturer InterVarsity Press,
Date of production, publication, distribution, manufacture, or copyright notice 2002.
300 ## - PHYSICAL DESCRIPTION
Extent x, 390 pages ;
Dimensions 24 cm
336 ## - CONTENT TYPE
Content type term text
Content type code txt
Source rdacontent
337 ## - MEDIA TYPE
Media type term unmediated
Media type code n
Source rdamedia
338 ## - CARRIER TYPE
Carrier type term volume
Carrier type code nc
Source rdacarrier
504 ## - BIBLIOGRAPHY, ETC. NOTE
Bibliography, etc. note Includes bibliographical references and indexes.
505 0# - FORMATTED CONTENTS NOTE
Formatted contents note Blasphemy -- to -- Zorastrianism.
520 1# - SUMMARY, ETC.
Summary, etc. "During the past century, the religious landscape of the Western world has changed dramatically. All of us now live in multi-faith societies, in which established religions co-exist with new and alternative spiritualities. The internet and the rapid development of communication technologies have increased our awareness and knowledge of other cultures and communities." "Effective Christian ministry thus demands a basic grasp of the beliefs and practices of other faiths. Drawing together the best in conservative Christian scholarship, this dictionary provides concise discussion and analysis of contemporary religions in the context of modern and postmodern culture." "The volume has a bipartite structure: Part One consists of introductory articles dealing with general religious and cultural issues; Part Two contains articles on the principal religions and new religious movements found in the West." "An accessible work of reference, the Dictionary of Contemporary Religion in the Western World will be an indispensable tool for scholars and students, teachers and ministers, Christian workers, and anyone who is seeking an informed understanding of today's religious plurality."--Jacket.
650 #0 - SUBJECT ADDED ENTRY--TOPICAL TERM
Topical term or geographic name entry element Religions
Form subdivision Dictionaries.
Authority record control number or standard number https://id.loc.gov/authorities/subjects/sh2008110672
9 (RLIN) 1741
655 #7 - INDEX TERM--GENRE/FORM
Genre/form data or focus term Dictionaries.
Source of term lcgft
Authority record control number or standard number https://id.loc.gov/authorities/genreForms/gf2014026086
9 (RLIN) 3629
700 1# - ADDED ENTRY--PERSONAL NAME
Personal name Partridge, Christopher H.
Fuller form of name (Christopher Hugh),
Dates associated with a name 1961-
Authority record control number or standard number https://id.loc.gov/authorities/names/n98029353
9 (RLIN) 4781
700 1# - ADDED ENTRY--PERSONAL NAME
Personal name Groothuis, Douglas R.,
Dates associated with a name 1957-
Authority record control number or standard number https://id.loc.gov/authorities/names/n85174454
9 (RLIN) 17395
942 ## - ADDED ENTRY ELEMENTS (KOHA)
Source of classification or shelving scheme Dewey Decimal Classification
Koha item type Reference Books
Holdings
Withdrawn status Lost status Source of classification or shelving scheme Damaged status Not for loan Home library Current Library Shelving location Date acquired Total checkouts Full call number Barcode Date last seen Copy number Price effective from Koha item type
    Dewey Decimal Classification     GRACE BIBLE COLLEGE GRACE BIBLE COLLEGE Dictionary 2024-01-12   200.91821 DIC 016426 2025-05-01 c.1 2024-01-12 Reference Books
© Grace Bible College Library 2025